000 00641nam a2200265Ia 4500
005 20260121171013.0
008 008 260114s9999 xx 000 0 eng d
020 _a9783030042813
037 _aEBOOK
040 _aCRL
040 _beng
040 _cCRL
041 _2eng
041 _aeng
084 _qCRL
100 _aAndra Iv?nescu
_91070839
245 0 _aPopular Music in the Nostalgia Video Game
260 _bSpringer
260 _bSpringer
260 _c2019
856 _uhttps://link.springer.com/openurl?genre=book&isbn=978-3-030-04281-3
942 _cEBOOK
999 _c1636569
_d1636569